000 00271nam a22001217a 4500
008 181015b xxu||||| |||| 00| 0 eng d
041 _aeng
080 _a159.9
100 _a49
101 _apsi
245 _aClinical Psychology Rewiev
_cJulie.B.S
942 _2udc
_cBK
999 _c49786
_d49786